Sports Quiz

Random Sports Quiz
Score 0/7 Timer 01:00
0 Plays Today
Home Runs Player % Correct
762Barry Bonds
99.8%
332Bobby Bonds
96.1%
660Willie Mays
93.4%
438Andre Dawson
35.1%
613Alex Rodriguez
21.4%
304Steve Finley
17.1%
305Reggie Sanders
14.9%
Remove Ads.
Support Sporcle.
Get the best of Sporcle when you Go Orange. This ad-free experience offers more features, more stats, and more fun while also helping to support Sporcle. Thank you for becoming a member.

You're not logged in!

Compare scores with friends on all Sporcle quizzes.
OR
Log In

Show Comments

Extras

Created Sep 26, 2009ReportNominate
Tags:300, base, Career, home, Homer, Player, run, stolen

Top Quizzes Today


Score Distribution

Your Account Isn't Verified!

In order to create a playlist on Sporcle, you need to verify the email address you used during registration. Go to your Sporcle Settings to finish the process.

Report this User

Report this user for behavior that violates our Community Guidelines.

Details: